La Thaïlande pour les touristes... - Statistiques

Statistiques générales
  • Ce quiz a été pris 76 fois
    75 depuis la dernière actualisation
  • Le résultat moyen est 8 sur 20
Statistiques - réponses
Question Indice Réponses % Correct
Code sur les plaques minéralogiques T
98%
Le suffixe internet est th
94%
Quelle est la langue officielle ? Thaï
90%
Le principal aéroport est B Bangkok
83%
Quel est le climat local ? T Tropical
73%
Quelle est la monnaie ? Baht
70%
Quel est le régime du pays ? M C Monarchie constitutionnelle
62%
Dans la capitale quel est le décalage horaire avec Paris ? (+ ou - et chiffre) ex - 10 ou + 3,5 + 5
59%
La religion majoritaire est Bouddhisme
59%
Combien d'heures (environ) mettrez-vous pour vous y rendre ? (en chiffres) 15
48%
Achats à faire 4/ Tasses à... Thé
46%
Quelles sont les principaux lieux touristiques ? A Citée d'{Ayutthaya}
25%
Quelles sont les principaux lieux touristiques ? C R Ville de {Chiang Rai}
19%
Quelles sont les principaux lieux touristiques ? K Ville de {Kanchanaburi}
6%
Achats à faire 1/ Aliments qui se conservent car Séchés
5%
Achats à faire 2/ Savon Sculpté
3%
Achats à faire 3/ Babiole Breloque
2%
Quelles sont les principaux lieux touristiques ? L Ruines de {Lopburi}
2%
Quelles sont les principaux lieux touristiques ? P Site de {Palmyre}
0%
Comment se nomme la principale compagnie aérienne locale T A I P C L Thai Airways International Public Company Limited
0%
Aucun quiz correspondant
Distribution des résultats
% des personnes avec chaque résultat
Percentile par nombre de réponses
Votre historique - résultats
Vous n’avez pas pris ce quiz depuis la dernière actualisation